000 00264nam a22000977a 4500
008 241128b |||||||| |||| 00| 0 eng d
020 _a9789353040734
100 _aMookherji
_97814
245 _a100 Greatest Sportspersons
260 _aNew Delhi
_bRupa Publications
_c2019
999 _c12708
_d12708